000 01013nam a2200289 i 4500
001 187063
003 SpMaBN
005 20250802063123.0
008 170407s1997 sp |||| | spa d
020 _a84-7490-417-X
080 _a070(460)"1939/45":32
080 _a282(460)"1939/45":070
080 _a351.751.5(460)"1939/45"
100 1 _aAndrés-Gallego, José,
_d1944-
_921605
245 1 1 _a¿Fascismo o Estado católico?
_b: ideología, religión y censura en la España de Franco, 1937-1941 /
_cJosé Andrés-Gallego.
260 _aMadrid :
_bEncuentro,
_c[1997]
300 _a283 p. ;
_c23 cm.
490 1 _aEnsayos ;
_v106
500 _aÍndice onomástico.
504 _aReferencias bibliográficas.
650 7 _aPrensa y política-
_zEspaña-
_y1939-1975.
_9162320
650 7 _aIglesia y prensa-
_xIglesia Católica.
_9166805
650 0 7 _aCensura-
_zEspaña-
_y1939-1975.
_910879
830 0 _aEnsayos ;
_v106
_9176633
852 _aES-MaACL
_jL-31383
999 _c187063
_d187063